Urban transport planning in Bengaluru (Record no. 506184)

000 -LEADER
fixed length control field 00483nam a2200157Ia 4500
008 - FIXED-LENGTH DATA ELEMENTS--GENERAL INFORMATION
fixed length control field 181130s2018 xx 000 0 und d
100 ## - MAIN ENTRY--PERSONAL NAME
Personal name Vaidyanathan, Vivek
245 ## - TITLE STATEMENT
Title Urban transport planning in Bengaluru
Remainder of title a polycentric governance system
260 ## - PUBLICATION, DISTRIBUTION, ETC.
Date of publication, distribution, etc. 2018
300 ## - PHYSICAL DESCRIPTION
Extent p.50-56.
504 ## - BIBLIOGRAPHY, ETC. NOTE
-- 21-Apr
650 ## - SUBJECT ADDED ENTRY--TOPICAL TERM
Topical term or geographic name entry element Urban transport - India - Bengaluru
700 ## - ADDED ENTRY--PERSONAL NAME
Personal name Rathi, Sujaya
773 ## - HOST ITEM ENTRY
Main entry heading Economic and Political Weekly
906 ## - LOCAL DATA ELEMENT F, LDF (RLIN)
a Urban transport - India - Bengaluru
Holdings
Withdrawn status Lost status Damaged status Not for loan Permanent Location Current Location Date acquired Serial Enumeration / chronology Barcode Date last seen Price effective from Koha item type
        Indian Institute of Public Administration Indian Institute of Public Administration 2018-12-07 53(16), 21-Apr, 2018: p.50-56. AR117979 2018-12-07 2018-12-07 Articles

Powered by Koha